| 000 | 00653nam a2200241 a 4500 | ||
|---|---|---|---|
| 001 | 57553 | ||
| 003 | BD-RjUL | ||
| 005 | 20211209080527.0 | ||
| 008 | 161210s1985 pk b 000 0 eng | ||
| 035 | _a(BD-RjUL)57677 | ||
| 035 | _a(OCoLC)11287790 | ||
| 040 |
_aDLC _cWU _dDLC _beng |
||
| 041 | _aeng | ||
| 082 |
_223 _a181.07 _bABM 1985 |
||
| 100 | 2 |
_aAbdul Hai, Saiyed. _9170905 |
|
| 245 | 1 | 0 |
_aMuslim philosophy : _bA short survey / _cSaiyed Abdul Hai |
| 250 | _a[1st ed.] | ||
| 260 |
_aDacca : _bNawroze Kitabistan _c1985 |
||
| 300 |
_a87 p. ; _c21 cm. |
||
| 650 | 0 |
_aIslamic philosophy _9170798 |
|
| 942 |
_2ddc _cBK |
||
| 999 |
_c57553 _d57553 |
||